000 00523nam a2200181Ia 4500
999 _c23385
_d23385
003 OSt
005 20200214103453.0
008 190216s9999||||xx |||||||||||||| ||und||
020 _a9788182715332
040 _coclc
082 _a297.64
_bMAD/S
100 _a Madani, K K Mohammed
_91855
245 0 _aSahabi Vanithakal /
_cK K Mohammed Madani
250 _a3rd ed.
260 _bIslamic Publishing House,
_c2013.
_aKozhikode:
300 _a182p
942 _cBK
_2ddc
_h297.64
_iMAD/S
_k297.64
_mMAD/S